书目信息 |
| 题名: |
灵活精悍冲锋枪大比武
|
|
| 作者: | 崔钟雷 主编 | |
| 分册: | ||
| 出版信息: | 沈阳 万卷出版公司 2010 |
|
| 页数: | 120页 | |
| 开本: | 22cm | |
| 丛书名: | 科学新视野 | |
| 单 册: | ||
| 中图分类: | E922.13-49 , E922 | |
| 科图分类: | ||
| 主题词: | 冲锋枪--世界--青年读物 | |
| 电子资源: | ||
| ISBN: | 978-7-5470-0998-7 | |
| 000 | 00717oam2 2200253 450 | |
| 001 | 2336857916 | |
| 005 | 20231109091551.07 | |
| 010 | @a978-7-5470-0998-7@dCNY29.80 | |
| 100 | @a20121212d2010 a y0chiy50 ea | |
| 101 | 0 | @achi |
| 102 | @aCN@b210000 | |
| 105 | @aa z 000yy | |
| 200 | 1 | @a灵活精悍冲锋枪大比武@Aling huo jing han chong feng qiang da bi wu@f崔钟雷主编 |
| 210 | @a沈阳@c万卷出版公司@d2010 | |
| 215 | @a120页@c彩图@d22cm | |
| 225 | 2 | @a科学新视野 |
| 300 | @a知书达礼典藏 | |
| 461 | 0 | @12001 @a科学新视野 |
| 606 | 0 | @a冲锋枪@y世界@j青年读物 |
| 690 | @aE922.13-49@v5 | |
| 690 | @aE922@v4 | |
| 701 | 0 | @a崔钟雷@Acui zhong lei@4主编 |
| 801 | 0 | @aCN@b山东中教@c20230926 |
| 905 | @aBZT@dE922@e7 | |
| 灵活精悍冲锋枪大比武/崔钟雷主编.-沈阳:万卷出版公司,2010 |
| 120页:彩图;22cm.-(科学新视野) |
| 知书达礼典藏 |
| ISBN 978-7-5470-0998-7:CNY29.80 |
| ● |
| 相关链接 |
|
|
|
正题名:灵活精悍冲锋枪大比武
索取号:E922/7
 
预约/预借
| 序号 | 登录号 | 条形码 | 馆藏地/架位号 | 状态 | 备注 |
| 1 | 2000961755 | 2000961755 | 315书库/四5架B面3层1列/ [索取号:E922/7] | 在馆 | |
| 2 | 2000961756 | 2000961756 | 315书库/四5架B面3层1列/ [索取号:E922/7] | 在馆 | |
| 3 | 2000961757 | 2000961757 | 315书库/四5架B面3层1列/ [索取号:E922/7] | 在馆 | |
| 4 | 2000961758 | 2000961758 | 315书库/四5架B面3层1列/ [索取号:E922/7] | 在馆 | |
| 5 | 2000961759 | 2000961759 | 315书库/四5架B面3层1列/ [索取号:E922/7] | 在馆 | |
| 6 | 2000961760 | 2000961760 | 315书库/四5架B面3层1列/ [索取号:E922/7] | 在馆 |